Missing Word: Astronomy Quiz Stats

Quiz Updated Jun 6, 2015

Challenge
Share
Tweet
Embed
Score 0/20 Timer 04:00
1 Play Today
Hint Answer % Correct
_____ SystemSolar
96.8%
Black ____Hole
96.1%
___ BangBig
95%
Ursa _____Major
90.3%
Meteor ______Shower
88%
______ BorealisAurora
85.6%
_____ EclipseLunar
84.6%
___ MoonFull
84.2%
Spiral ______Galaxy
83.2%
Doppler ______Effect
79.3%
Hint Answer % Correct
Vernal _______Equinox
77.7%
Dark ______Matter
76.5%
___ GiantRed
72.8%
Galilean _____Moons
71.7%
Kuiper ____Belt
71.2%
Neutron ____Star
69%
_______ FusionNuclear
65%
____________ UnitAstronomical
45.5%
Magellanic ______Clouds
43.8%
____ StarBinary
36.8%

Today's Daily Dose

Missing Word
Law Misconceptions

Word Ladder
Easy Math

On This Day
January 20th

You're not logged in!

Compare scores with friends on all Sporcle quizzes.
Sign Up with Email
OR
Log In

You Might Also Like...

Show Comments

Extras

Top Quizzes Today


Score Distribution

Your Account Isn't Verified!

In order to create a playlist on Sporcle, you need to verify the email address you used during registration. Go to your Sporcle Settings to finish the process.